00297nam a2200121Ia 45000030006000000080041000060400015000471000020000622450033000822600031001155460012001460050017001580STCL150530s9999 xx 000 0 und d aSTCLcSTCL aMackenzie,N Ed. aGuide to the Social Sciences bNew American libraryc1968 aEnglish20220125165447.0